00353nam a2200121 a 4500008004100000050001700041100001600058245006400074260005800138300001300196350000900209650001300218101101s1997 ||||||||||||||||| || | aCBU-SB(05)JB aMohan, P. V10aZambian manufacturing industry: the globalisation challenge aKitwebCopperbelt University School of Businessc1997 a51-56pp. a0.00 0aBUSINESS